Escape / (Record no. 1194)

MARC details
000 -LEADER
fixed length control field 00989cam a22003013a 4500
005 - DATE AND TIME OF LATEST TRANSACTION
control field 20230808091916.0
020 ## - INTERNATIONAL STANDARD BOOK NUMBER
International Standard Book Number 0439164524 (pbk.)
040 ## - CATALOGING SOURCE
Original cataloging agency OCO
Transcribing agency OCO
Modifying agency JED
-- DLC
050 00 - LIBRARY OF CONGRESS CALL NUMBER
Classification number PZ7.K837
082 ## - DEWEY DECIMAL CLASSIFICATION NUMBER
Classification number 813.54
100 1# - MAIN ENTRY--PERSONAL NAME
Personal name Korman, Gordon.
245 10 - TITLE STATEMENT
Title Escape /
Statement of responsibility, etc. Gordon Korman.
260 ## - PUBLICATION, DISTRIBUTION, ETC.
Place of publication, distribution, etc. New York :
Name of publisher, distributor, etc. Scholastic Inc.,
Date of publication, distribution, etc. 2001.
300 ## - PHYSICAL DESCRIPTION
Extent 132 pages :
Dimensions 20 cm.
490 0# - SERIES STATEMENT
Series statement Island ;
Volume/sequential designation Book 3
500 ## - GENERAL NOTE
General note "An Apple paperback."
505 ## - FORMATTED CONTENTS NOTE
Formatted contents note M
520 ## - SUMMARY, ETC.
Summary, etc. Luke, Charla, Will, Lyssa, J.J., and Ian aren't alone on their desert island. They've survived so far -- but now their enemies are closing in. They have only one chance at escaping. Will they make it?
521 ## - TARGET AUDIENCE NOTE
Target audience note 680 <br/>
Source Lexile
521 ## - TARGET AUDIENCE NOTE
Target audience note M <br/>
Source Raz-Plus
650 ## - SUBJECT ADDED ENTRY--TOPICAL TERM
Source of heading or term Island
655 #7 - INDEX TERM--GENRE/FORM
Genre/form data or focus term Adventure fiction.
Source of term gsafd
655 #7 - INDEX TERM--GENRE/FORM
Genre/form data or focus term Children's stories.
Source of term lcsh
906 ## - LOCAL DATA ELEMENT F, LDF (RLIN)
a 7
b cbc
c copycat
d 2
e ncip
f 20
g y-genrareb
942 ## - ADDED ENTRY ELEMENTS (KOHA)
Source of classification or shelving scheme Dewey Decimal Classification
Koha item type Books
Suppress in OPAC No
999 ## -
-- 1194
-- 1194
Holdings
Withdrawn status Lost status Source of classification or shelving scheme Damaged status Not for loan Collection Home library Current library Shelving location Date acquired Total Checkouts Full call number Barcode Date last seen Price effective from Koha item type
    Library of Congress Classification     Juvenile Fiction Footprints International School Library Network Toul Kork Campus Footprints International School Library Network Toul Kork Campus TK Primary Library Room(4th Floor), Bookcase 5&6, Shelves 33-56, Orange Books 08/08/2023   KOR 813.54 PZ7.K837 FISTKG4B046 08/08/2023 08/08/2023 Books